The stages of teaching listening as a reciprocal skill
Elmentve itt :
| Szerző: | |
|---|---|
| További közreműködők: | |
| Dokumentumtípus: | Szakdolgozat |
| Megjelent: |
1997
|
| Tárgyszavak: | |
| Online Access: | http://diploma.bibl.u-szeged.hu/77415 |
| LEADER | 00558nta a2200157 i 4500 | ||
|---|---|---|---|
| 001 | dipl77415 | ||
| 005 | 20200623125110.0 | ||
| 008 | 190614s1997 hu om 0|| eng d | ||
| 040 | |a SZTE Diploma Repozitórium |b hun | ||
| 041 | |a eng | ||
| 100 | 1 | |a Arató Katalin | |
| 245 | 1 | 4 | |a The stages of teaching listening as a reciprocal skill |h [elektronikus dokumentum] / |c Katalin Arató |
| 260 | |c 1997 | ||
| 650 | 4 | |a Pedagógusképzés | |
| 700 | 2 | |a Krémerné Joó Marianna |e ths | |
| 856 | 4 | 0 | |u http://diploma.bibl.u-szeged.hu/id/eprint/77415/1/1997_arato_katalin.pdf |z Dokumentum-elérés |